[Event "interzonal (w)"]
[Site "Azov URS"]
[Date "1990.??.??"]
[Round "11"]
[White "Brustman, Agnieszka"]
[Black "Chelushkina, Irina"]
[Result "0-1"]
[WhiteElo "2325"]
[BlackElo "2315"]
[EventDate "1990.06.??"]
[PlyCount "152"]

1.e4 c5 2.Nf3 e6 3.d4 cxd4 4.Nxd4 Nf6 5.Nc3 Nc6 6.Ndb5 d6 7.Bf4 e5 8.Bg5 
a6 9.Na3 b5 10.Bxf6 gxf6 11.Nd5 Bg7 12.Bd3 Ne7 13.Nxe7 Qxe7 14.c4 f5 15.
O-O O-O 16.Qh5 Rd8 17.Rfe1 Qf6 18.Rad1 Rb8 19.exf5 Bb7 20.b3 d5 21.cxd5 
Rxd5 22.Bb1 Rd4 23.Rxd4 exd4 24.Bd3 Kh8 25.Nc2 Bf8 26.Qg4 Rd8 27.Rd1 Bc5 
28.Ne1 Rg8 29.Qe2 Qc6 30.f3 Re8 31.Qf2 Qf6 32.Nc2 Bc8 33.g4 Bb7 34.Re1 Rg8
35.Rd1 Qc6 36.h3 Qf6 37.Ne1 h5 38.Ng2 hxg4 39.hxg4 Qh6 40.Qh4 Qxh4 41.Nxh4
Be7 42.Rd2 Rc8 43.Rh2 Kg8 44.Kf2 Rc1 45.f4 Rd1 46.Be2 Rd2 47.Nf3 Rxa2 48.
Nxd4 Bc5 49.Ke3 a5 50.f6 a4 51.Rh5 Bxd4+ 52.Kxd4 Rxe2 53.Rxb5 Bf3 54.bxa4 
Re4+ 55.Kd3 Rxa4 56.Ke3 Ra3+ 57.Kf2 Be4 58.Rb4 Bd5 59.g5 Kh7 60.Rd4 Be6 
61.Rd8 Kg6 62.Rb8 Kf5 63.Rb6 Rb3 64.Ra6 Rb4 65.Kg3 Rb1 66.Ra5+ Kg6 67.Re5 
Rb3+ 68.Kf2 Bg4 69.Kg2 Bh5 70.Ra5 Rf3 71.Ra4 Kf5 72.Ra5+ Kg4 73.g6 Bxg6 
74.Rg5+ Kxf4 75.Rxg6 fxg6 76.f7 Kg4 0-1

[Event "interzonal (w)"]
[Site "Azov URS"]
[Date "1990.??.??"]
[Round "11"]
[White "Burtman, Sharon"]
[Black "Finegold, Gina"]
[Result "1/2-1/2"]
[WhiteElo "2045"]
[BlackElo "2025"]
[EventDate "1990.06.??"]
[PlyCount "117"]

1.d4 d5 2.c4 c6 3.Nf3 Nf6 4.g3 Bf5 5.Bg2 e6 6.O-O Nbd7 7.Nc3 h6 8.Bf4 dxc4
9.a4 a5 10.Nd2 Nb6 11.e4 Bg4 12.Nf3 Bb4 13.Qc2 O-O 14.Rad1 Qe7 15.Rfe1 
Rfd8 16.Rd2 Bxf3 17.Bxf3 Rd7 18.Bg2 Bxc3 19.bxc3 Qa3 20.Qb1 Nc8 21.d5 cxd5
22.exd5 exd5 23.Bxd5 Nd6 24.Bxd6 Rxd6 25.Qxb7 Rf8 26.Bxf7+ Rxf7 27.Qb8+ 
Kh7 28.Qxd6 Qxc3 29.Qd4 Qb4 30.Rc1 c3 31.Qd3+ g6 32.Qxc3 Qxc3 33.Rxc3 Ne4 
34.Rcd3 Nxd2 35.Rxd2 Re7 36.Rd5 Ra7 37.Kg2 Kg7 38.Kf3 Kf6 39.Ke3 Ke6 40.
Rb5 g5 41.Rb6+ Kf5 42.Rxh6 Re7+ 43.Kd3 Re4 44.Ra6 Rxa4 45.Rc6 g4 46.Rc5+ 
Kf6 47.Ke2 Ra3 48.Rc4 Kg5 49.Rc5+ Kf6 50.Rc2 Kg6 51.Rb2 Kf5 52.Rb5+ Kg6 
53.Rb6+ Kf5 54.Kd2 Ra2+ 55.Ke3 Kg5 56.Rb5+ Kg6 57.Rb6+ Kg5 58.Rb5+ Kg6 59.
Rb6+ 1/2-1/2

[Event "interzonal (w)"]
[Site "Azov URS"]
[Date "1990.??.??"]
[Round "11"]
[White "Galliamova, Alisa"]
[Black "Prudnikova, Svetlana"]
[Result "1-0"]
[WhiteElo "2365"]
[BlackElo "2265"]
[EventDate "1990.06.??"]
[PlyCount "115"]

1.Nf3 c5 2.c4 Nf6 3.Nc3 d5 4.cxd5 Nxd5 5.g3 Nc6 6.Bg2 Nc7 7.Qa4 Bd7 8.Qe4 
g6 9.Ne5 Bg7 10.Nxd7 Qxd7 11.O-O O-O 12.a3 Rac8 13.b4 Ne6 14.Rb1 b6 15.b5 
Na5 16.Nd5 Rfe8 17.Bb2 Nd4 18.e3 e6 19.exd4 exd5 20.Qxd5 Qxd5 21.Bxd5 Rcd8
22.Bc6 Nxc6 23.bxc6 Bxd4 24.c7 Rd7 25.Bxd4 Rxd4 26.Rfc1 Rc8 27.Rxc5 Rd7 
28.Rc3 Rdxc7 29.Rxc7 Rxc7 30.Kf1 Kf8 31.Ke2 Ke7 32.Ke3 Kd6 33.h4 h5 34.f3 
Rc4 35.Rb3 Kc5 36.Rd3 a5 37.Rd7 Ra4 38.d4+ Kb5 39.Rxf7 Rxa3+ 40.Ke4 a4 41.
d5 Ra1 42.Ra7 a3 43.d6 Kb4 44.d7 Rd1 45.Ke5 b5 46.g4 hxg4 47.fxg4 Kb3 48.
h5 gxh5 49.gxh5 a2 50.Ke6 Re1+ 51.Kf6 Rd1 52.Ke7 Re1+ 53.Kd6 Rd1+ 54.Kc6 
Rd4 55.Rxa2 Kxa2 56.h6 Ra4 57.Kxb5 Rd4 58.h7 1-0

[Event "interzonal (w)"]
[Site "Azov URS"]
[Date "1990.??.??"]
[Round "11"]
[White "Kachiani, Ketino"]
[Black "Amura, Claudia"]
[Result "1/2-1/2"]
[WhiteElo "2365"]
[BlackElo "2285"]
[EventDate "1990.06.??"]
[PlyCount "97"]

1.d4 Nf6 2.c4 g6 3.Nc3 Bg7 4.e4 d6 5.Be2 O-O 6.Bg5 c5 7.d5 b5 8.cxb5 a6 9.
a4 Qa5 10.Bd2 axb5 11.Bxb5 Na6 12.Nge2 Nb4 13.O-O Ba6 14.Qb1 Qb6 15.Bxa6 
Rxa6 16.Nb5 Rfa8 17.Nec3 Ng4 18.b3 Ne5 19.h3 Ned3 20.Be3 Rc8 21.Rd1 Ne5 
22.f4 Nd7 23.Qc1 Qb7 24.Qd2 Nb6 25.Rab1 Na8 26.Na3 Nb6 27.Nab5 Na8 28.Qe2 
Rb6 29.h4 Rb8 30.h5 Na6 31.hxg6 hxg6 32.f5 Qd7 33.fxg6 fxg6 34.Na2 N8c7 
35.Nxc7 Nxc7 36.b4 Qxa4 37.Qg4 Qxa2 38.Qxg6 Rf8 39.Rf1 Rbb8 40.Bh6 Rxf1+ 
41.Rxf1 Qb2 42.Rf7 Ne8 43.Rxe7 Qd4+ 44.Kh2 cxb4 45.Bg5 b3 46.e5 b2 47.Qf7+
Kh7 48.Qh5+ Kg8 49.Qf7+ 1/2-1/2

[Event "interzonal (w)"]
[Site "Azov URS"]
[Date "1990.??.??"]
[Round "11"]
[White "Madl, Ildiko"]
[Black "Battsetseg, Tsagaan"]
[Result "1-0"]
[WhiteElo "2390"]
[BlackElo "2230"]
[EventDate "1990.06.??"]
[PlyCount "93"]

1.e4 c5 2.Nf3 d6 3.d4 cxd4 4.Nxd4 Nf6 5.Nc3 g6 6.Be3 Bg7 7.f3 O-O 8.Qd2 
Nc6 9.Bc4 Bd7 10.h4 Rc8 11.Bb3 Ne5 12.h5 Nc4 13.Bxc4 Rxc4 14.hxg6 fxg6 15.
O-O-O Qc8 16.Nde2 b5 17.Bd4 Rf7 18.Kb1 b4 19.Nd5 Nxd5 20.Bxg7 Kxg7 21.Qxd5
Be6 22.Qd2 a5 23.b3 Rc5 24.Nf4 Kg8 25.Rh6 Rg7 26.Rdh1 Bf7 27.g4 g5 28.Nd3 
Rc3 29.R6h3 Bg6 30.R1h2 Qa6 31.Rf2 Qb5 32.Nb2 Bxe4 33.Qe1 Qd5 34.fxe4 Qe6 
35.Qf1 h6 36.Nd3 Rc8 37.Qh1 Rg6 38.Rf5 Kg7 39.e5 Rc3 40.Rhf3 dxe5 41.Rxe5 
Qd7 42.Rfe3 e6 43.Qe4 Qc7 44.Qd4 Kg8 45.Rxe6 Rxe6 46.Rxe6 Rxc2 47.Qf6 1-0

[Event "interzonal (w)"]
[Site "Azov URS"]
[Date "1990.??.??"]
[Round "11"]
[White "Klimova-Richtrova, Eliska"]
[Black "Peng Zhaoqin"]
[Result "0-1"]
[WhiteElo "2355"]
[BlackElo "2305"]
[EventDate "1990.06.??"]
[PlyCount "110"]

1.d4 Nf6 2.Nf3 g6 3.Nc3 d5 4.Bf4 Bg7 5.e3 O-O 6.Be2 c6 7.Ne5 Nfd7 8.O-O 
Nxe5 9.Bxe5 f6 10.Bg3 e5 11.dxe5 fxe5 12.e4 d4 13.Bc4+ Kh8 14.Ne2 Nd7 15.
Nc1 b5 16.Bb3 Nb6 17.c3 c5 18.Qd2 Bb7 19.f3 c4 20.Bd1 Qe7 21.a4 a6 22.Bf2 
Qd6 23.Ne2 d3 24.Ng3 Nd7 25.Re1 Bc6 26.Nf1 Nc5 27.a5 Rf7 28.Qe3 Ne6 29.g3 
Qf8 30.Qb6 Rc8 31.Be3 Rb7 32.Qxa6 Qe8 33.b3 Ra8 34.Qxa8 Qxa8 35.a6 Rc7 36.
Nd2 cxb3 37.Bxb3 Qe8 38.a7 Rc8 39.Bxe6 Qxe6 40.Ra6 Qd7 41.Rea1 Ba8 42.Rb6 
Bf8 43.Nb3 d2 44.Nxd2 Qd3 45.Nf1 Kg7 46.Rb8 Qc4 47.Rb1 Bc5 48.R1xb5 Bxe3+ 
49.Nxe3 Qxc3 50.Nd5 Qd4+ 51.Kg2 Rc2+ 52.Kh3 Qxa7 53.Rd8 Bc6 54.Rbb8 Bd7+ 
55.g4 Bxg4+ 0-1

[Event "interzonal (w)"]
[Site "Azov URS"]
[Date "1990.??.??"]
[Round "11"]
[White "Salazar Varon, Adriana"]
[Black "Basagic, Vesna"]
[Result "1/2-1/2"]
[WhiteElo "2115"]
[BlackElo "2270"]
[EventDate "1990.06.??"]
[PlyCount "32"]

1.e4 e5 2.Nf3 Nc6 3.Bb5 Bc5 4.O-O Nge7 5.c3 Bb6 6.d3 O-O 7.Bg5 h6 8.Bh4 
Qe8 9.d4 exd4 10.cxd4 Ng6 11.Bg3 Qxe4 12.Nc3 Qg4 13.h3 Qf5 14.d5 Nce5 15.
Nxe5 Nxe5 16.d6 c6 1/2-1/2

[Event "interzonal (w)"]
[Site "Azov URS"]
[Date "1990.??.??"]
[Round "11"]
[White "Voiska, Margarita"]
[Black "Botsari, Anna-Maria"]
[Result "1-0"]
[WhiteElo "2335"]
[BlackElo "2205"]
[EventDate "1990.06.??"]
[PlyCount "75"]

1.d4 Nf6 2.c4 e6 3.Nc3 d5 4.cxd5 exd5 5.Bg5 c6 6.e3 Be7 7.Bd3 Nbd7 8.Nge2 
O-O 9.Qc2 Re8 10.O-O-O Nf8 11.Kb1 b5 12.f3 a5 13.g4 a4 14.Ng3 g6 15.h4 Qa5
16.Nce2 b4 17.Qc1 Be6 18.Nf5 Bxf5 19.gxf5 c5 20.dxc5 Rac8 21.c6 a3 22.b3 
N6d7 23.Bxe7 Rxe7 24.fxg6 fxg6 25.Nf4 Kh8 26.h5 Ne5 27.hxg6 Rxc6 28.Qd2 
Nexg6 29.Bxg6 Nxg6 30.Qd4+ Kg8 31.Nxd5 Rf7 32.f4 Qb5 33.Rc1 Rxc1+ 34.Rxc1 
Qe2 35.Nxb4 h5 36.Nc2 h4 37.Rg1 Kh7 38.f5 1-0

[Event "interzonal (w)"]
[Site "Azov URS"]
[Date "1990.??.??"]
[Round "12"]
[White "Amura, Claudia"]
[Black "Uskova, Fliura"]
[Result "1/2-1/2"]
[WhiteElo "2285"]
[BlackElo "2290"]
[EventDate "1990.06.??"]
[PlyCount "73"]

1.d4 Nf6 2.c4 c5 3.d5 b5 4.cxb5 a6 5.e3 g6 6.Nc3 Bg7 7.Bc4 O-O 8.Nge2 Bb7 
9.O-O e6 10.bxa6 Nxa6 11.Nf4 Nb4 12.e4 exd5 13.exd5 Re8 14.Be3 Ne4 15.Qb3 
Ba6 16.Bxa6 Nxa6 17.Nxe4 Rxe4 18.Qc2 Qe7 19.d6 Qe5 20.Nd3 Qxd6 21.Bxc5 Qc6
22.Rfc1 Rg4 23.g3 Nxc5 24.Qxc5 Qxc5 25.Rxc5 Rd4 26.Rc3 d5 27.Rb3 Rc4 28.a3
f5 29.Re1 Re4 30.Rc1 Rc4 31.Rd1 Re8 32.Rb5 Rd4 33.Rb4 Rc4 34.Nf4 Rxb4 35.
axb4 d4 36.Kf1 Rb8 37.Nd3 1/2-1/2

[Event "interzonal (w)"]
[Site "Azov URS"]
[Date "1990.??.??"]
[Round "12"]
[White "Battsetseg, Tsagaan"]
[Black "Brustman, Agnieszka"]
[Result "0-1"]
[WhiteElo "2230"]
[BlackElo "2325"]
[EventDate "1990.06.??"]
[PlyCount "112"]

1.e4 c5 2.Nf3 d6 3.d4 cxd4 4.Nxd4 Nf6 5.Nc3 a6 6.Be3 e5 7.Nb3 Be6 8.Be2 
Be7 9.g4 d5 10.exd5 Nxd5 11.Nxd5 Bxd5 12.Rg1 Nc6 13.g5 O-O 14.Rg3 Na5 15.
Bb6 Qxb6 16.Qxd5 Rad8 17.Qe4 Nxb3 18.axb3 Rd4 19.Qf3 Rf4 20.Qg2 e4 21.Rg4 
Rxg4 22.Qxg4 Qc5 23.Qxe4 Bxg5 24.Rd1 Qc7 25.h4 Bf6 26.h5 Bxb2 27.Bc4 Qa5+ 
28.Kf1 Qxh5 29.Rd3 b5 30.Bd5 Bf6 31.Bb7 a5 32.Rd5 Qh3+ 33.Ke2 a4 34.Rxb5 
a3 35.Ra5 Bb2 36.Bd5 Qd7 37.Bc6 Qc7 38.Ra6 Rd8 39.b4 Qd6 40.Kf1 Qd1+ 41.
Kg2 g6 42.b5 Qh5 43.Ra7 Qg5+ 44.Kf1 Rd1+ 45.Ke2 Rd2+ 46.Ke1 Qg1+ 47.Kxd2 
Qxf2+ 48.Kd3 Qxa7 49.Bd5 a2 50.Bxa2 Qxa2 51.Qc6 Kg7 52.b6 Qa6+ 53.c4 Qa3+ 
54.Ke2 Qe7+ 55.Kd3 Be5 56.Qc8 Qd6+ 0-1

[Event "interzonal (w)"]
[Site "Azov URS"]
[Date "1990.??.??"]
[Round "12"]
[White "Botsari, Anna-Maria"]
[Black "Salazar Varon, Adriana"]
[Result "1-0"]
[WhiteElo "2205"]
[BlackElo "2115"]
[EventDate "1990.06.??"]
[PlyCount "97"]

1.d4 Nf6 2.c4 d6 3.Nc3 Nbd7 4.e4 e5 5.Nf3 g6 6.Be2 Bg7 7.O-O O-O 8.dxe5 
dxe5 9.Qc2 c6 10.b3 Qc7 11.Na4 Re8 12.Rd1 Nb6 13.Nb2 Nh5 14.c5 Nd7 15.g3 
Nf8 16.Nc4 Bg4 17.Nd6 Re7 18.Bb2 Bxf3 19.Bxf3 Nf6 20.Be2 N6d7 21.b4 Ne6 
22.Rac1 a5 23.a3 axb4 24.axb4 Nd4 25.Bxd4 exd4 26.Ra1 Rxa1 27.Rxa1 Qb8 28.
Ra3 b6 29.Qa2 Nf8 30.Ra8 Qc7 31.Bc4 bxc5 32.bxc5 Be5 33.Nxf7 Kg7 34.Ng5 
Qb7 35.f4 Bb8 36.Qa1 Rd7 37.Ra4 Ba7 38.Ne6+ Nxe6 39.Bxe6 Re7 40.Qxd4+ Kh6 
41.Rb4 Qa6 42.f5 Qa5 43.Qe3+ g5 44.Rc4 Rb7 45.h4 Rb1+ 46.Kg2 Qd8 47.e5 
Rb2+ 48.Kh3 Qd2 49.hxg5+ 1-0

[Event "interzonal (w)"]
[Site "Azov URS"]
[Date "1990.??.??"]
[Round "12"]
[White "Chelushkina, Irina"]
[Black "Arakhamia, Ketevan"]
[Result "1-0"]
[WhiteElo "2315"]
[BlackElo "2385"]
[EventDate "1990.06.??"]
[PlyCount "79"]

1.c4 c5 2.Nc3 Nc6 3.Nf3 g6 4.e3 Bg7 5.d4 d6 6.Be2 Bg4 7.d5 Bxf3 8.Bxf3 
Bxc3+ 9.bxc3 Ne5 10.Be2 f5 11.Rb1 Qd7 12.f4 Nf7 13.e4 fxe4 14.Bg4 Qc7 15.
Be6 Nf6 16.Qa4+ Kf8 17.O-O Kg7 18.g4 Rhf8 19.Rb2 a6 20.g5 Ne8 21.Re2 Kh8 
22.Rxe4 Ng7 23.Bg4 Nf5 24.Rfe1 Rae8 25.Qc2 Nd8 26.Be3 Qa5 27.Bf2 Rf7 28.h4
Qc7 29.h5 Kg8 30.Kg2 Ref8 31.Bxf5 gxf5 32.R4e3 Rg7 33.h6 Rgf7 34.Qe2 Re8 
35.Bh4 Kh8 36.Kf2 Qd7 37.Re6 Qc7 38.g6 hxg6 39.Rxg6 Qd7 40.Qh5 1-0

[Event "interzonal (w)"]
[Site "Azov URS"]
[Date "1990.??.??"]
[Round "12"]
[White "Finegold, Gina"]
[Black "Madl, Ildiko"]
[Result "0-1"]
[WhiteElo "2025"]
[BlackElo "2390"]
[EventDate "1990.06.??"]
[PlyCount "62"]

1.d4 c5 2.d5 e6 3.c4 exd5 4.cxd5 d6 5.Nc3 g6 6.e4 Bg7 7.f4 Ne7 8.Nf3 O-O 
9.Be2 a6 10.a4 Bg4 11.O-O Bxf3 12.Bxf3 Nd7 13.g4 Rc8 14.h4 c4 15.Be3 Nc5 
16.h5 Nb3 17.Ra3 gxh5 18.g5 f6 19.Bxh5 fxg5 20.fxg5 Qc7 21.Bg4 Rxf1+ 22.
Kxf1 Rf8+ 23.Kg2 Ng6 24.Be6+ Kh8 25.Qg4 Be5 26.Bf5 Qf7 27.a5 Ne7 28.Ra4 
Nxf5 29.Qxf5 Qe8 30.Qe6 Qh5 31.Qh3 Qxh3+ 0-1

[Event "interzonal (w)"]
[Site "Azov URS"]
[Date "1990.??.??"]
[Round "12"]
[White "Kachiani, Ketino"]
[Black "Galliamova, Alisa"]
[Result "1/2-1/2"]
[WhiteElo "2365"]
[BlackElo "2365"]
[EventDate "1990.06.??"]
[PlyCount "83"]

1.d4 Nf6 2.c4 e6 3.g3 d5 4.Nf3 dxc4 5.Bg2 a6 6.O-O Nc6 7.e3 Bd7 8.Nc3 Bd6 
9.Qe2 b5 10.Rd1 O-O 11.e4 Be7 12.Bg5 h6 13.Bxf6 Bxf6 14.e5 Be7 15.d5 Nb4 
16.Ne1 exd5 17.Nxd5 Rb8 18.Nxb4 Bxb4 19.Bh3 Bxh3 20.Rxd8 Rfxd8 21.Rd1 Rxd1
22.Qxd1 Ba5 23.Nc2 b4 24.g4 c3 25.b3 h5 26.gxh5 c5 27.Qd3 Be6 28.Qxa6 Bb6 
29.Kg2 Bf5 30.Ne3 c2 31.Qc4 Bd3 32.Qxd3 c1=Q 33.Qd6 Ba7 34.Qc7 Qa3 35.e6 
fxe6 36.h6 Qb2 37.Qxa7 Rf8 38.Ng4 Qd4 39.h3 Qe4+ 40.Kg1 Qe1+ 41.Kg2 Qe4+ 
42.Kg1 1/2-1/2

[Event "interzonal (w)"]
[Site "Azov URS"]
[Date "1990.??.??"]
[Round "12"]
[White "Basagic, Vesna"]
[Black "Klimova-Richtrova, Eliska"]
[Result "1/2-1/2"]
[WhiteElo "2270"]
[BlackElo "2355"]
[EventDate "1990.06.??"]
[PlyCount "43"]

1.d4 Nf6 2.c4 d6 3.Nc3 Nbd7 4.Nf3 e5 5.Bg5 Be7 6.e3 O-O 7.Bd3 c6 8.Qc2 h6 
9.Bh4 exd4 10.Nxd4 Ne5 11.Be2 d5 12.Bxf6 Bxf6 13.cxd5 cxd5 14.O-O Nc6 15.
Nxc6 bxc6 16.Na4 Qd6 17.Rac1 Bd7 18.Rfd1 Rab8 19.b3 Qe7 20.Bf3 Rfd8 21.Qc5
Be8 22.Qxe7 1/2-1/2

[Event "interzonal (w)"]
[Site "Azov URS"]
[Date "1990.??.??"]
[Round "12"]
[White "Peng Zhaoqin"]
[Black "Burtman, Sharon"]
[Result "1-0"]
[WhiteElo "2305"]
[BlackElo "2045"]
[EventDate "1990.06.??"]
[PlyCount "97"]

1.d4 Nf6 2.c4 e6 3.Nf3 b6 4.g3 Bb7 5.Bg2 Be7 6.O-O O-O 7.Nc3 Ne4 8.Bd2 f5 
9.Rc1 Bf6 10.d5 Nxd2 11.Qxd2 e5 12.e4 g6 13.Bh3 Bg7 14.exf5 gxf5 15.Nh4 f4
16.Ne4 d6 17.Be6+ Kh8 18.Qd3 Na6 19.Nf5 Bc8 20.g4 Nc5 21.Nxc5 bxc5 22.Kh1 
Bxe6 23.dxe6 Bf6 24.Nh6 Qe7 25.Nf7+ Kg8 26.Nh6+ Kh8 27.Nf7+ Kg8 28.g5 Bg7 
29.Nh6+ Kh8 30.Qh3 Rae8 31.Nf7+ Kg8 32.g6 hxg6 33.Rg1 Qxe6 34.Nh6+ Bxh6 
35.Qxh6 Rf6 36.Rc3 Qf7 37.Rh3 Qg7 38.Qg5 Ree6 39.Rg4 Rf8 40.Rh6 Kf7 41.Qh4
Kg8 42.Qh3 Qf6 43.Rgh4 Qf5 44.Rh8+ Kf7 45.R4h7+ Ke8 46.Qf3 Qb1+ 47.Kg2 d5 
48.Qxd5 f3+ 49.Qxf3 1-0

[Event "interzonal (w)"]
[Site "Azov URS"]
[Date "1990.??.??"]
[Round "12"]
[White "Prudnikova, Svetlana"]
[Black "Voiska, Margarita"]
[Result "1/2-1/2"]
[WhiteElo "2265"]
[BlackElo "2335"]
[EventDate "1990.06.??"]
[PlyCount "87"]

1.c4 e6 2.d4 d5 3.Nc3 c5 4.cxd5 cxd4 5.Qa4+ Bd7 6.Qxd4 exd5 7.Qxd5 Nc6 8.
Nf3 Nf6 9.Qd1 Bc5 10.e3 Qe7 11.Be2 O-O-O 12.O-O g5 13.Nd4 g4 14.b4 Bxb4 
15.Qb3 Nxd4 16.exd4 Be6 17.Qb2 Nd5 18.Nxd5 Rxd5 19.Bf4 Bd6 20.Bxd6 Qxd6 
21.Rfb1 b6 22.a4 Kd8 23.a5 Ke7 24.axb6 axb6 25.Ra7+ Kf6 26.Rb7 Rc8 27.Rxb6
Qf4 28.Rd1 h5 29.Ba6 Rcd8 30.Bb7 R5d6 31.d5+ Kg6 32.Rxd6 Rxd6 33.Bc6 Qf6 
34.Qe2 Bf5 35.f4 h4 36.Kf2 Qd8 37.Ke1 Qb6 38.Qf2 Qb4+ 39.Rd2 Qb1+ 40.Ke2 
Qe4+ 41.Kd1 Qc4 42.Ke1 Qe4+ 43.Kf1 Qc4+ 44.Ke1 1/2-1/2

[Event "interzonal (w)"]
[Site "Azov URS"]
[Date "1990.??.??"]
[Round "13"]
[White "Arakhamia, Ketevan"]
[Black "Battsetseg, Tsagaan"]
[Result "1-0"]
[WhiteElo "2385"]
[BlackElo "2230"]
[EventDate "1990.06.??"]
[PlyCount "61"]

1.d4 Nf6 2.Nf3 g6 3.g3 Bg7 4.Bg2 O-O 5.O-O d6 6.a4 a5 7.b3 c6 8.Bb2 Qc7 9.
Nbd2 Re8 10.e4 Nbd7 11.Re1 e5 12.dxe5 Nxe5 13.Nxe5 dxe5 14.Nc4 Bf8 15.Qf3 
Nd7 16.Red1 Nb6 17.Nxe5 Bg7 18.Nd3 Bxb2 19.Nxb2 Qe5 20.Nd3 Qc3 21.Qe3 Nd5 
22.Qc5 Qxc5 23.Nxc5 Nf6 24.f4 b6 25.e5 Nd5 26.Ne4 Ne3 27.Nf6+ Kf8 28.Nxe8 
Nxd1 29.Bxc6 Bg4 30.Nf6 Rc8 31.Nxg4 1-0

[Event "interzonal (w)"]
[Site "Azov URS"]
[Date "1990.??.??"]
[Round "13"]
[White "Brustman, Agnieszka"]
[Black "Finegold, Gina"]
[Result "1-0"]
[WhiteElo "2325"]
[BlackElo "2025"]
[EventDate "1990.06.??"]
[PlyCount "41"]

1.e4 e5 2.Nf3 Nc6 3.Bb5 Nf6 4.O-O Bc5 5.c3 O-O 6.d4 Bb6 7.Bg5 h6 8.Bh4 d6 
9.Bxc6 bxc6 10.dxe5 dxe5 11.Nbd2 Re8 12.h3 g5 13.Bg3 Nd7 14.Qa4 Nc5 15.
Qxc6 Bb7 16.Qxh6 Nxe4 17.Nxe4 Bxe4 18.Rad1 Qc8 19.Bxe5 Rxe5 20.Nxe5 Qf5 
21.Ng4 1-0

[Event "interzonal (w)"]
[Site "Azov URS"]
[Date "1990.??.??"]
[Round "13"]
[White "Burtman, Sharon"]
[Black "Basagic, Vesna"]
[Result "0-1"]
[WhiteElo "2045"]
[BlackElo "2270"]
[EventDate "1990.06.??"]
[PlyCount "114"]

1.d4 g6 2.c4 Bg7 3.Nc3 d6 4.e4 Nc6 5.Be3 e5 6.d5 Nce7 7.g4 f5 8.gxf5 gxf5 
9.Qh5+ Ng6 10.exf5 Qh4 11.Qf3 N6e7 12.Bd3 Nh6 13.f6 Bxf6 14.Ne4 O-O 15.
Nxf6+ Rxf6 16.Qg3+ Qxg3 17.hxg3 Nhf5 18.Bg5 Rf7 19.Ne2 Ng6 20.O-O-O Nfe7 
21.Nc3 Bg4 22.Rdf1 Bf3 23.Rh2 c6 24.dxc6 bxc6 25.Be4 d5 26.Bxf3 Rxf3 27.
Re1 e4 28.cxd5 cxd5 29.Rd1 Rf5 30.Be3 Ne5 31.Rdh1 Rf7 32.Rh5 Nd3+ 33.Kb1 
Rd8 34.Rg5+ Rg7 35.Rxg7+ Kxg7 36.Bd4+ Kg6 37.Nd1 Rd7 38.b3 Nf5 39.Bb2 h5 
40.Rf1 d4 41.Bc1 Rc7 42.Bd2 Rc6 43.Nb2 Nxf2 44.Rxf2 e3 45.Rg2 exd2 46.Rxd2
Rc3 47.Nd3 Kg5 48.Nf4 Re3 49.b4 h4 50.gxh4+ Kxf4 51.Kb2 Rh3 52.a4 Ke4 53.
b5 Kd5 54.a5 Nd6 55.b6 axb6 56.axb6 Nc4+ 57.Kc2 Nxd2 0-1

[Event "interzonal (w)"]
[Site "Azov URS"]
[Date "1990.??.??"]
[Round "13"]
[White "Galliamova, Alisa"]
[Black "Amura, Claudia"]
[Result "1-0"]
[WhiteElo "2365"]
[BlackElo "2285"]
[EventDate "1990.06.??"]
[PlyCount "109"]

1.Nf3 Nf6 2.c4 g6 3.Nc3 Bg7 4.e4 d6 5.d4 O-O 6.Be2 e5 7.O-O Nc6 8.d5 Ne7 
9.Nd2 Nd7 10.b4 f5 11.c5 dxc5 12.bxc5 Nxc5 13.Ba3 Nxe4 14.Ndxe4 fxe4 15.
Bc4 Kh8 16.Nxe4 Rf4 17.Re1 Ng8 18.f3 Bd7 19.g3 Rf5 20.Nc5 b5 21.Bf1 Rf7 
22.Ne6 Bxe6 23.dxe6 Qxd1 24.Raxd1 Rxf3 25.Bg2 Rxa3 26.Bxa8 Bf6 27.Rd7 c5 
28.Rc7 c4 29.Rd1 Rd3 30.Rxd3 cxd3 31.Rd7 Be7 32.Rxd3 Bc5+ 33.Kg2 Ne7 34.
Rd7 Kg7 35.Rc7 Bd6 36.Rd7 Bc5 37.Bc6 Kf6 38.Bxb5 Kxe6 39.Rb7 e4 40.Kf1 Ke5
41.Rc7 Kd4 42.Ke2 h5 43.Be8 Kd5 44.Bf7+ Kd6 45.Rb7 Ke5 46.Rb5 Kd6 47.Ra5 
Bd4 48.a4 Kc6 49.Be8+ Kb6 50.Rb5+ Kc7 51.Rb4 Bf6 52.Rxe4 Kd6 53.Bf7 Kd7 
54.Kd3 Bg5 55.Kc4 1-0

[Event "interzonal (w)"]
[Site "Azov URS"]
[Date "1990.??.??"]
[Round "13"]
[White "Madl, Ildiko"]
[Black "Peng Zhaoqin"]
[Result "1-0"]
[WhiteElo "2390"]
[BlackElo "2305"]
[EventDate "1990.06.??"]
[PlyCount "67"]

1.e4 e6 2.d4 d5 3.Nc3 Bb4 4.e5 Ne7 5.a3 Bxc3+ 6.bxc3 c5 7.Qg4 Kf8 8.Nh3 
Qa5 9.Bd2 Qa4 10.Ra2 Nbc6 11.Be2 cxd4 12.O-O Nxe5 13.Qh5 N5g6 14.Bd3 dxc3 
15.Bxc3 Qh4 16.Qe2 Nc6 17.f4 Qe7 18.Bb2 Qc5+ 19.Kh1 d4 20.Bc4 Nge7 21.Ng5 
Nf5 22.Raa1 h5 23.Rfe1 Bd7 24.a4 a5 25.Bb5 Qd5 26.Ba3+ Nb4 27.Bxd7 Qxd7 
28.Qc4 Qd6 29.c3 dxc3 30.Rac1 Ke7 31.Qe4 Kf6 32.Rxc3 Raf8 33.Rc5 Qxc5 34.
Qxe6+ 1-0

[Event "interzonal (w)"]
[Site "Azov URS"]
[Date "1990.??.??"]
[Round "13"]
[White "Salazar Varon, Adriana"]
[Black "Prudnikova, Svetlana"]
[Result "0-1"]
[WhiteElo "2115"]
[BlackElo "2265"]
[EventDate "1990.06.??"]
[PlyCount "64"]

1.e4 c5 2.Nc3 Nc6 3.g3 g6 4.Bg2 Bg7 5.d3 d6 6.f4 e5 7.Nh3 h5 8.Be3 Nd4 9.
Nf2 h4 10.g4 exf4 11.Bxf4 Be5 12.Nd5 Nf6 13.Bg5 Nxd5 14.Bxd8 Ne3 15.Qd2 
Kxd8 16.Nd1 Nexc2+ 17.Kf2 Nxa1 18.Ne3 Nab3 19.axb3 Nxb3 20.Qc2 Be6 21.Nc4 
Nd4 22.Qd2 Bxc4 23.dxc4 a5 24.g5 h3 25.Bf1 Rh4 26.Qd3 Rf4+ 27.Ke1 Rf3 28.
Qd1 a4 29.Rg1 a3 30.bxa3 Raxa3 31.Qb1 Rfb3 32.Qd1 Nf3+ 0-1

[Event "interzonal (w)"]
[Site "Azov URS"]
[Date "1990.??.??"]
[Round "13"]
[White "Uskova, Fliura"]
[Black "Chelushkina, Irina"]
[Result "1/2-1/2"]
[WhiteElo "2290"]
[BlackElo "2315"]
[EventDate "1990.06.??"]
[PlyCount "190"]

1.e4 c5 2.Nf3 e6 3.d4 cxd4 4.Nxd4 Nf6 5.Nc3 Nc6 6.g3 d5 7.Bb5 Bd7 8.exd5 
exd5 9.O-O Be7 10.Nde2 O-O 11.Nxd5 Nxd5 12.Qxd5 Bh3 13.Qxd8 Raxd8 14.Be3 
Bxf1 15.Kxf1 a6 16.Bxc6 bxc6 17.Nd4 Bf6 18.Nxc6 Rc8 19.Nd4 Bxd4 20.Bxd4 
Rxc2 21.Re1 Rd8 22.Bc3 h6 23.Re5 Rd6 24.h4 f6 25.Re8+ Kf7 26.Ra8 h5 27.a3 
Re6 28.Bd4 Re4 29.Bc3 Ree2 30.Bd4 Red2 31.Be3 Rd6 32.Ra7+ Kg6 33.Rb7 Rc1+ 
34.Kg2 Rd5 35.Rb6 a5 36.Kf3 Kf5 37.Rb8 g6 38.Rb7 g5 39.hxg5 fxg5 40.g4+ 
hxg4+ 41.Kg3 Rc4 42.b4 Rc3 43.bxa5 Rxa3 44.Rf7+ Kg6 45.Rf8 Ra4 46.Rb8 
Raxa5 47.Kxg4 Ra4+ 48.Kg3 Kf7 49.Rc8 Rf5 50.Rc7+ Kg6 51.Rc8 Re4 52.Rg8+ 
Kf7 53.Rh8 Rb5 54.Ra8 Kg7 55.Ra7+ Kf6 56.Ra6+ Kf5 57.Ra8 Re6 58.Rf8+ Rf6 
59.Rg8 Rg6 60.Rf8+ Ke6 61.Kg4 Rg7 62.Re8+ Kf7 63.Ra8 Kg6 64.Ra1 Kh7 65.Kg3
Kg6 66.Ra8 Rb1 67.Kg2 Rd1 68.Ra5 Kh6 69.Rb5 Re1 70.Ra5 Kh5 71.Rb5 Rg8 72.
Ra5 Re2 73.Kf3 Rb2 74.Kg3 Rb3 75.Kg2 Kh6 76.Rc5 Rb4 77.Kg3 Re4 78.Rc1 Kh5 
79.Rc7 Rg4+ 80.Kh3 Rg1 81.Kh2 Rd1 82.Kg2 Rd5 83.Kg3 Rb8 84.Rh7+ Kg6 85.Rh1
Rb4 86.Rh8 Rb1 87.Rg8+ Kf6 88.Rf8+ Kg7 89.Ra8 Rg1+ 90.Kf3 Rf5+ 91.Ke4 Rb5 
92.Ra6 Kf7 93.Ra7+ Kg6 94.Ra6+ Kh5 95.Ra8 Rg4+ 1/2-1/2

[Event "interzonal (w)"]
[Site "Azov URS"]
[Date "1990.??.??"]
[Round "13"]
[White "Voiska, Margarita"]
[Black "Kachiani, Ketino"]
[Result "0-1"]
[WhiteElo "2335"]
[BlackElo "2365"]
[EventDate "1990.06.??"]
[PlyCount "78"]

1.c4 e5 2.Nc3 Nf6 3.Nf3 Nc6 4.g3 d5 5.cxd5 Nxd5 6.Bg2 Nb6 7.a3 Be7 8.b4 
Be6 9.O-O O-O 10.Rb1 f6 11.d3 a5 12.b5 Nd4 13.Nxd4 exd4 14.Na4 Nd5 15.Bb2 
c5 16.bxc6 b5 17.Bxd4 bxa4 18.Qxa4 Qd6 19.e4 Nc7 20.Bb6 Rfb8 21.d4 Rxb6 
22.Rxb6 Qxa3 23.Qxa3 Bxa3 24.Rfb1 Kf8 25.d5 Bg4 26.Rb7 Bd6 27.f3 Bc8 28.
Rb8 Ke7 29.Rxa8 Nxa8 30.Bf1 a4 31.Kf2 Nb6 32.Rb5 a3 33.Ra5 Bb4 34.Ra7+ Kd6
35.Bd3 Nxd5 36.Ra4 Bc5+ 37.Ke1 Nb6 38.Ra7 Kxc6 39.Rxg7 a2 0-1

[Event "interzonal (w)"]
[Site "Azov URS"]
[Date "1990.??.??"]
[Round "14"]
[White "Amura, Claudia"]
[Black "Chelushkina, Irina"]
[Result "1-0"]
[WhiteElo "2285"]
[BlackElo "2315"]
[EventDate "1990.06.??"]
[PlyCount "79"]

1.d4 c5 2.d5 g6 3.e4 Bg7 4.c4 d6 5.Nc3 a6 6.Bd3 Nd7 7.f4 b5 8.cxb5 axb5 9.
Bxb5 Ba6 10.Bxa6 Rxa6 11.Nf3 Ngf6 12.e5 dxe5 13.fxe5 Ng4 14.Qe2 Rb6 15.Bf4
Qb8 16.O-O O-O 17.d6 exd6 18.exd6 Rxb2 19.Qe7 Rb7 20.Rac1 Bf6 21.Qe1 Re8 
22.Qg3 Nge5 23.Ne4 Nxf3+ 24.Qxf3 Bd4+ 25.Kh1 Qa8 26.Bh6 f5 27.Ng5 Rb2 28.
Rce1 Be5 29.Qh3 Qxa2 30.Bg7 h5 31.Bxe5 Rxe5 32.Qg3 Ree2 33.Rxe2 Rxe2 34.
Nh3 Nf8 35.Nf4 h4 36.Qxh4 Re4 37.d7 Qa6 38.Rd1 Rd4 39.d8=Q Rxd8 40.Qxd8 
1-0

[Event "interzonal (w)"]
[Site "Azov URS"]
[Date "1990.??.??"]
[Round "14"]
[White "Battsetseg, Tsagaan"]
[Black "Uskova, Fliura"]
[Result "0-1"]
[WhiteElo "2230"]
[BlackElo "2290"]
[EventDate "1990.06.??"]
[PlyCount "80"]

1.e4 c5 2.Nf3 Nc6 3.d4 cxd4 4.Nxd4 e5 5.Nb5 d6 6.a4 Be6 7.N1c3 a6 8.Na3 
Rc8 9.Be3 Nf6 10.Bc4 Be7 11.O-O O-O 12.Re1 Ng4 13.Bxe6 Nxe3 14.Bxf7+ Rxf7 
15.Rxe3 Nd4 16.Nd5 Bh4 17.g3 Bg5 18.Rd3 Qf8 19.f4 Bh6 20.f5 Rc5 21.c3 Rxd5
22.exd5 Nxf5 23.Qe2 Qc8 24.b4 Rc7 25.Qf3 g6 26.Rf1 Qe8 27.a5 e4 28.Qe2 Re7
29.Rdd1 Ne3 30.Nc2 Nxd1 31.Rxd1 Qc8 32.c4 Rc7 33.Rd4 e3 34.Nxe3 Qe8 35.Rd3
Rxc4 36.Qd2 Re4 37.Kf2 Qf7+ 38.Ke2 Qf5 39.Qc3 Qh5+ 40.Kf1 Qf3+ 0-1